| 000 | 01354nam a22003017a 4500 | ||
|---|---|---|---|
| 001 | 7924 | ||
| 003 | FISKH | ||
| 005 | 20250814092936.0 | ||
| 008 | 250814b cb ||||| |||| 00| 0 eng d | ||
| 020 | _a9780439249591 | ||
| 040 |
_aFISKH _beng _cFISKH _dFISKH |
||
| 050 | _aQL763 .S757 | ||
| 082 | _a591.39 | ||
| 100 |
_aStonehouse, Bernard _d(1926–2014) |
||
| 245 |
_aGrowing up : _bStrange beginnings / _cBY Bernard Stonehouse ; Illustrated by John Francis |
||
| 250 | _aThis edition first published in 2000 | ||
| 260 |
_aFlorida : _bTangerine, _c2000 |
||
| 300 |
_a48 pages : _bcolor illustrations ; _c28 cm |
||
| 505 | _aR | ||
| 520 | _aGrowing Up is a new series that shows and tells how young animals survive the dangers of early life to grow or change into adults. Dramatic artwork focuses on a special moment at or soon after birth, while smaller drawings illustrate vital stages of the birth, the growing up, or the change from one form to another. Some of the young creatures featured in this book are: Puss-moth, Surinam toad, Gray kangaroo, Emperor penguin, Naked mole rat, Cuckoo Hoatzin, Green crab and Bitterling. | ||
| 521 | 8 |
_a730
_bLexile |
|
| 521 | 8 |
_aR
_bRaz-Plus |
|
| 650 |
_2Animals NF _aFlounder |
||
| 650 |
_2Cuckoo _aSea horse |
||
| 700 |
_aFrancis, John _dillustrator |
||
| 942 |
_2ddc _cBK _n0 |
||
| 999 |
_c7924 _d7924 |
||